Tier Quiz: Männchen, Weibchen, Junges - Statistiken

Allgemein
  • Dieses Quiz wurde 728 mal gespielt
  • Das Durchschnittsergebnis liegt bei 25 aus 36
Antwortstatistiken
Tier Bezeichnungen % Korrekt
Huhn Hahn
97%
Kalb
95%
Kalb
95%
Kuh
94%
Welpe
92%
Katze Kater
91%
Küken
90%
Küken
90%
Fohlen
89%
Katze
88%
Stute
87%
Henne
86%
Schwein Eber
85%
Sau
84%
Schaf Bock
83%
Reh Bock
83%
Ferkel
83%
Pferd Hengst
83%
Kind
81%
Hund Hund
76%
Kitz
76%
Rind Stier
76%
Lamm
74%
Hündin
71%
Rüde
68%
Ente
66%
Ziege/Geiß
66%
Kätzchen
64%
Ente Erpel
62%
Ziege Ziegenbock
38%
Mensch Junge
34%
Mädchen
34%
Ricke
25%
Fuchs Fähe
21%
Geißlein/Gitzi
16%
Aue
4%
Keine übereinstimmenden Quizze gefunden
Verteilung der Resultate
Anzahl Personen mit jedem Resultat
Perzentil nach korrekt beantworteten Fragen
Ihre Resultats-Entwicklung
Sie haben dieses Quiz noch nicht gespielt